000 00270nam a2200121Ia 4500
008 190216s9999||||xx |||||||||||||| ||und||
100 _aNull
245 0 _aLogarithmic Tables
260 _bScientific Book Co
300 _a44p
650 _aLogarithmic Table
942 _cBK
999 _c3097
_d3097